000 00326 a2200121 4500
001 57502
082 _a954.91 RAZ
090 _c35232
_d35232
100 _aRazi-ud-din razi
245 _aPakistan 53 saal ; 14 August 1947 sa 14 August 2000 tak
_hUrdu
260 _aLAHORE
_bSange-e-Meel Publications
_c2001
300 _a1109p
942 _aNUST-CAE
_k954.91 RAZ
999 _c292575
_d292575